[Event "36th Olympiad"]
[Site "Turin ITA"]
[Date "2006.05.21"]
[Round "1"]
[White "Volokitin,And"]
[Black "Berlinsky,V"]
[Result "1-0"]
[WhiteElo "2660"]
[BlackElo "2319"]
[EventDate "2006.05.21"]

1. e4 e6 2. d4 d5 3. Nc3 Nf6 4. Bg5 dxe4 5. Nxe4 Be7 6. Bxf6 Bxf6 7. Nf3 b6
8. Bd3 Bb7 9. Qe2 Nd7 10. O-O-O O-O 11. h4 Qe7 12. Neg5 g6 13. Ne4 c5 14.
h5 Bg7 15. hxg6 hxg6 16. c3 Rac8 17. Kb1 cxd4 18. Nxd4 Nc5 19. Bc2 a6 20.
f4 e5 21. Nxc5 Qxc5 22. fxe5 Qxe5 23. Qg4 Rfe8 24. Ka1 Rc7 25. Bb3 Qe4 26.
Qh3 Qxg2 27. Qh7+ Kf8 28. Nf5 gxf5 29. Rhg1 f4 30. Rxg2 Bxg2 31. Qh2 Bf3
32. Qxf4 Bxd1 33. Qxc7 Bxb3 34. axb3 b5 35. Qd6+ Kg8 36. Qxa6 f5 37. Qxb5
Rf8 38. Qd5+ Kh7 39. b4 f4 40. Qf3 Kg6 41. b5 Be5 42. b6 Kf5 43. Qd5 Rf6
44. b7 Rd6 45. Qxe5+ Kxe5 1-0

[Event "36th Olympiad"]
[Site "Turin ITA"]
[Date "2006.05.21"]
[Round "1"]
[White "Vachier Lagrave,M"]
[Black "Cueto,J BOL"]
[Result "1/2-1/2"]
[WhiteElo "2576"]
[BlackElo "2318"]
[EventDate "2006.05.21"]

1. e4 e5 2. Nf3 d6 3. d4 Nf6 4. dxe5 Nxe4 5. Qd5 Nc5 6. Bg5 Be7 7. exd6
Qxd6 8. Nc3 Qxd5 9. Nxd5 Bd6 10. Be7 Bxe7 11. Nxc7+ Kd8 12. Nxa8 Be6 13.
O-O-O+ Kc8 14. Nd4 Nc6 15. Nxe6 fxe6 16. Bb5 Kb8 17. Bxc6 bxc6 18. b4 Na6
19. a3 Kxa8 20. Rhe1 Re8 21. f4 Nc7 22. c4 Kb8 23. Kc2 Kc8 24. Re5 Rf8 25.
g3 Rf5 26. Rd3 g6 27. Kd2 Bf8 28. Ke2 c5 29. b5 Bg7 30. Rxf5 gxf5 31. Rd6
Bf8 32. Rc6 Kd7 33. Kf3 Bd6 34. a4 Ne8 35. Ra6 Bb8 36. Ke3 Nd6 37. Kd3 Nc8
38. a5 Bc7 39. Kc2 h5 40. Kb3 Bd8 41. Kc2 Bc7 42. Kd3 Bd8 43. Ke2 Bc7 44.
Kf3 Bb8 45. Rc6 Bd6 46. Kg2 Ne7 47. Ra6 Nc8 48. Kh3 Be7 49. b6 axb6 50.
axb6 Kc6 51. b7+ Kxb7 52. Rxe6 Kc7 53. Re5 Kd7 54. Rxf5 Nb6 55. Rxh5 Nxc4
56. Kg2 Na3 57. Kf3 c4 58. Ke2 Bf6 59. Rd5+ Ke6 60. Ra5 Bb2 61. f5+ Kf6 62.
g4 c3 63. Rc5 c2 64. Kd2 1/2-1/2

[Event "36th Olympiad"]
[Site "Turin ITA"]
[Date "2006.05.21"]
[Round "1"]
[White "Amonatov,F"]
[Black "Beliavsky,A"]
[Result "0-1"]
[WhiteElo "2569"]
[BlackElo "2622"]
[EventDate "2006.05.21"]

1. e4 e5 2. Nf3 Nc6 3. Bb5 a6 4. Ba4 Nf6 5. O-O Be7 6. Re1 b5 7. Bb3 O-O 8.
h3 Bb7 9. d3 d6 10. a4 Na5 11. Ba2 c5 12. Nbd2 Qc7 13. Nf1 Bc8 14. Bd2 b4
15. c3 bxc3 16. Bxc3 Nc6 17. Ne3 Nb8 18. Nh2 Be6 19. Nhg4 Nxg4 20. hxg4 Bg5
21. Nd5 Qd7 22. f3 Bh4 23. Re2 Bg3 24. Ne3 0-1

[Event "36th Olympiad"]
[Site "Turin ITA"]
[Date "2006.05.21"]
[Round "1"]
[White "Lutz,Ch"]
[Black "Ophoff,J"]
[Result "1-0"]
[WhiteElo "2608"]
[BlackElo "2276"]
[EventDate "2006.05.21"]

1. e4 c5 2. Nf3 d6 3. d4 cxd4 4. Nxd4 Nf6 5. Nc3 a6 6. Be2 e5 7. Nb3 Be7 8.
O-O O-O 9. Kh1 b6 10. Be3 Nbd7 11. a4 Bb7 12. f3 Rc8 13. Rf2 Rc7 14. Bf1
Qa8 15. Rd2 Rd8 16. Bf2 h6 17. Nc1 Nc5 18. Nd3 Ne8 19. Nb4 Bg5 20. Nbd5
Bxd2 21. Nxc7 Nxc7 22. Qxd2 d5 23. exd5 Nxd5 24. Nxd5 Rxd5 25. Qb4 e4 26.
Qxb6 Nd7 27. Qa7 exf3 28. Qxa8+ Bxa8 29. Re1 Nf6 30. Kg1 Rd2 31. Bd3 Bc6
32. gxf3 Bxf3 33. h3 Bc6 34. a5 Nh5 35. Bxa6 Nf4 36. Bf1 Rxc2 37. b4 Rb2
38. Rc1 Bd7 39. a6 Rxb4 40. a7 Ra4 41. Rc4 Rxc4 42. a8=Q+ Rc8 43. Qf3 Ne6
44. h4 Bc6 45. Qf5 Rd8 46. Be2 Rd5 47. Qc2 Bd7 48. Qe4 Ra5 49. Qb7 Nf8 50.
Bf3 Be6 51. Qb8 Ra1+ 52. Kg2 Ra2 53. Kg3 Rc2 54. Bd4 Rc8 55. Qe5 f6 56. Qd6
Bf7 57. Bb7 Re8 58. Bc6 Re6 59. Qc7 Re1 60. Qb8 Rc1 61. Qa8 Rc4 62. Bb2
Rxc6 63. Qxc6 1-0

[Event "36th Olympiad w"]
[Site "Turin ITA"]
[Date "2006.05.21"]
[Round "1"]
[White "Kosteniuk,A"]
[Black "Leite,C"]
[Result "1-0"]
[WhiteElo "2540"]
[BlackElo "2218"]
[EventDate "2006.05.21"]

1. e4 e5 2. Nf3 Nc6 3. Bb5 a6 4. Ba4 Nf6 5. O-O b5 6. Bb3 Bc5 7. a4 Rb8 8.
axb5 axb5 9. Nxe5 Nxe5 10. d4 Bxd4 11. Qxd4 d6 12. f4 Nc6 13. Qc3 Bb7 14.
e5 Ne4 15. Qe3 d5 16. Nc3 Nxc3 17. bxc3 O-O 18. Ba3 Re8 19. Bc5 Qd7 20. Qd3
Nd8 21. Rad1 c6 22. f5 Rxe5 23. Bd4 Qd6 24. Bxe5 Qxe5 25. Rde1 1-0

[Event "36th Olympiad w"]
[Site "Turin ITA"]
[Date "2006.05.21"]
[Round "1"]
[White "Coimbra,M"]
[Black "Kosintseva,T"]
[Result "0-1"]
[WhiteElo "2070"]
[BlackElo "2489"]
[EventDate "2006.05.21"]

1. e4 c5 2. Nc3 Nc6 3. g3 g6 4. d3 Bg7 5. Be3 d6 6. Qd2 b6 7. Bg2 Bb7 8.
Nf3 Qd7 9. O-O Nd4 10. Nh4 e6 11. Nd1 Ne7 12. c3 Ndc6 13. d4 cxd4 14. cxd4
d5 15. e5 Ba6 16. Re1 O-O 17. Nc3 f6 18. f4 fxe5 19. fxe5 Rf7 20. Ne2 h6
21. Bxh6 Bxh6 22. Qxh6 Bxe2 23. Rxe2 Nxd4 24. Rd2 Ndf5 25. Qg5 Nxh4 26.
Qxh4 Qc7 27. Qg4 Rf5 28. Re1 Kg7 29. Bh3 Rh8 30. Rf1 Qxe5 31. Re2 Qf6 32.
Rxf5 exf5 33. Rxe7+ Qxe7 34. Qd4+ Qf6 35. Qxf6+ Kxf6 36. Bf1 Ke5 0-1

[Event "36th Olympiad w"]
[Site "Turin ITA"]
[Date "2006.05.21"]
[Round "1"]
[White "Kosintseva,N"]
[Black "Pintor,A"]
[Result "1-0"]
[WhiteElo "2469"]
[BlackElo "2064"]
[EventDate "2006.05.21"]

1. e4 c6 2. d4 d5 3. e5 Bf5 4. Nd2 e6 5. Nb3 Nd7 6. Nf3 Ne7 7. Be2 Bg6 8.
O-O Rc8 9. c3 Nf5 10. h3 Be7 11. g4 Nh4 12. Nxh4 Bxh4 13. f4 f5 14. Bd3 O-O
15. Be3 h6 16. Qe2 Rf7 17. Rad1 Nf8 18. Qg2 b6 19. Nc1 c5 20. Ne2 c4 21.
Bb1 b5 22. Kh2 Rb8 23. Rg1 Rbb7 24. Rdf1 Qc7 25. Bf2 Bd8 26. Be1 Qd7 27.
Bd2 Kh7 28. Kh1 a5 29. a3 Bh4 30. Be1 Bd8 31. Ng3 fxg4 32. Bxg6+ Nxg6 33.
Nh5 Nh4 34. Qc2+ Kh8 35. hxg4 b4 36. axb4 axb4 37. cxb4 Rf8 38. Qh2 Ng6 39.
Qh3 Ne7 40. Bc3 Nc6 41. f5 Bg5 42. fxe6 Qe7 43. Rf5 Nd8 44. Qf3 Nxe6 45.
Rf1 Rxf5 46. gxf5 Nc7 47. Nf4 Qf7 48. Qh3 Rb8 49. Ne2 Na6 50. Qh2 Nxb4 51.
e6 Qb7 52. Nf4 Nc6 53. Nh5 Rf8 54. Qd6 Ne7 55. Qe5 Ng8 56. Rg1 Nf6 57. e7
Re8 58. Rxg5 Rxe7 59. Rxg7 Rxe5 60. Rxb7 Rxf5 61. Nxf6 Rxf6 62. Kg2 Rg6+
63. Kh3 Rg5 64. Kh4 Rf5 65. Re7 Rf6 66. Kh5 Rd6 67. Rb7 Kg8 68. Bd2 Re6 69.
Rb5 Re2 70. Bc3 Rh2+ 71. Kg6 Kf8 72. Rxd5 1-0

[Event "36th Olympiad w"]
[Site "Turin ITA"]
[Date "2006.05.21"]
[Round "1"]
[White "Stolarczyk,An"]
[Black "Ushenina,A"]
[Result "0-1"]
[WhiteElo "2036"]
[BlackElo "2397"]
[EventDate "2006.05.21"]

1. d4 d5 2. c4 dxc4 3. e3 g6 4. Bxc4 Bg7 5. Nf3 Nf6 6. O-O O-O 7. Nc3 Ne8
8. e4 Bg4 9. d5 Qxd5 10. exd5 Nd6 11. Bd3 c6 12. h3 Bxf3 13. Qxf3 cxd5 14.
Nxd5 e6 15. Nb4 Nd7 16. Bf4 Rfd8 17. Rab1 Ne5 18. Rfc1 a5 19. Qe2 Rac8 20.
Nc2 Nxd3 21. Ne1 Nb5 22. Nxd3 Nd4 23. Nc5 Rd5 24. Nxb7 Nxe2+ 25. Kf1 Nxc1
0-1

[Event "36th Olympiad w"]
[Site "Turin ITA"]
[Date "2006.05.21"]
[Round "1"]
[White "Lahno,Kateri"]
[Black "Maeckelberg,M"]
[Result "1-0"]
[WhiteElo "2468"]
[BlackElo "2026"]
[EventDate "2006.05.21"]

1. e4 Nf6 2. e5 Nd5 3. d4 d6 4. Nf3 Bg4 5. Be2 e6 6. O-O Be7 7. h3 Bh5 8.
c4 Nb6 9. Nc3 Nc6 10. exd6 cxd6 11. d5 Bxf3 12. Bxf3 Ne5 13. dxe6 Nxf3+ 14.
Qxf3 fxe6 15. Qg4 Qd7 16. Rd1 e5 17. Qxd7+ Kxd7 18. c5 Nc8 19. f4 Kc6 20.
cxd6 Bxd6 21. Ne4 Bc7 22. Be3 Rd8 23. Rac1+ Kb5 24. Rxd8 Bxd8 25. Rxc8 1-0

[Event "36th Olympiad w"]
[Site "Turin ITA"]
[Date "2006.05.21"]
[Round "1"]
[White "Mody,I"]
[Black "Hagesaether,T"]
[Result "0-1"]
[WhiteElo "2064"]
[BlackElo "2007"]
[EventDate "2006.05.21"]

1. e4 e5 2. Nf3 Nc6 3. Bc4 Nf6 4. d3 Be7 5. Bg5 d6 6. c3 O-O 7. O-O Bg4 8.
Nbd2 h6 9. Bh4 Na5 10. Bb3 Nxb3 11. Qxb3 Nxe4 12. Bxe7 Nxd2 13. Nxd2 Qxe7
14. Qxb7 Be2 15. Rfe1 Bxd3 16. Qd5 Bf5 17. Qf3 Be6 18. Qg3 Rab8 19. b3 f5
20. Qe3 a5 21. f4 e4 22. Nf1 d5 23. Qc1 Rfd8 24. Rd1 c5 25. Qa3 Qc7 26. g3
d4 27. c4 Qb6 28. h4 Qb4 29. Qc1 a4 30. Nd2 e3 31. Nf3 axb3 32. axb3 Qxb3
33. Ne5 Qb2 34. Nd3 Qxc1 35. Rdxc1 Rdc8 36. Kg2 Rb3 37. Ne5 Rb2+ 38. Kg1
Rcb8 39. Nd3 Rd2 40. Rd1 Bxc4 41. Rxd2 exd2 42. Nf2 Rb3 43. Kg2 Bd5+ 44.
Kh3 Rf3 45. Kg2 Re3+ 46. Kh3 Re1 47. Rd1 Rxd1 48. Nxd1 Bf3 49. Nf2 d1=Q 50.
Nxd1 Bxd1 51. Kg2 c4 52. Kf2 c3 53. Ke1 c2 54. Kd2 d3 55. Kc1 Kf7 56. Kd2
Kg6 57. Kc1 Kh5 0-1

[Event "36th Olympiad w"]
[Site "Turin ITA"]
[Date "2006.05.21"]
[Round "1"]
[White "Ghader Pour,S"]
[Black "Gichuru Wanjiru,E"]
[Result "1-0"]
[WhiteElo "2144"]
[BlackElo "1606"]
[EventDate "2006.05.21"]

1. e4 e5 2. Nf3 Nc6 3. Bb5 a6 4. Ba4 Nf6 5. O-O b5 6. Bb3 h6 7. d4 d6 8.
dxe5 dxe5 9. Bxf7+ Kxf7 10. Nxe5+ Kg8 11. Nxc6 Qxd1 12. Rxd1 Nxe4 13. Be3
Bd6 14. Nd2 Nf6 15. c4 Bd7 16. Nd4 Kh7 17. Rac1 Rhf8 18. c5 Be5 19. N2f3
Bxd4 20. Rxd4 Bc6 21. Ne5 Bd5 22. Nd7 Rfd8 23. c6 Bxc6 24. Nxf6+ gxf6 25.
Rxc6 Rxd4 26. Bxd4 Rd8 27. g3 Rxd4 28. Rxf6 a5 29. Rf7+ Kg6 30. Rxc7 Rd2
31. Rc6+ Kg7 32. a4 Rxb2 33. axb5 Rxb5 34. Ra6 Rb1+ 35. Kg2 Ra1 36. g4 a4
37. h4 a3 38. g5 hxg5 39. hxg5 a2 40. f4 Rb1 41. Rxa2 Kg6 42. Kg3 Rg1+ 43.
Rg2 Rd1 44. Kg4 Rd5 45. Ra2 Rd4 46. Ra6+ Kg7 47. Rf6 Rd7 48. Re6 Rd4 49.
Kf3 Rd7 50. f5 Rf7 51. Kg4 Kg8 52. f6 Rc7 53. g6 Rb7 54. Re8+ 1-0

[Event "36th Olympiad w"]
[Site "Turin ITA"]
[Date "2006.05.21"]
[Round "1"]
[White "Khurtsidze,N"]
[Black "Ptacnikova,L"]
[Result "1-0"]
[WhiteElo "2426"]
[BlackElo "2183"]
[EventDate "2006.05.21"]

1. d4 Nf6 2. Nf3 e6 3. e3 c5 4. c4 d5 5. cxd5 exd5 6. Bb5+ Bd7 7. Bxd7+
Nbxd7 8. dxc5 Nxc5 9. O-O Bd6 10. Bd2 O-O 11. Bc3 Nce4 12. Bd4 Re8 13. Nc3
Qa5 14. Qb3 Bb4 15. Ne2 Rac8 16. Nf4 Bc5 17. Bxf6 Nxf6 18. Nxd5 Nxd5 19.
Qxd5 Qb6 20. Ne5 Qe6 21. Qxe6 Rxe6 22. Nf3 Kf8 23. Rac1 Rec6 24. Ne5 R6c7
25. Rfd1 Ke7 26. Kf1 Ke6 27. Nd3 Bd6 28. Rxc7 Rxc7 29. Rc1 Rd7 30. Ke2 b6
31. h3 h5 32. a4 g6 33. b4 Rc7 34. Rxc7 Bxc7 35. e4 a6 36. Ke3 Kd6 37. Kd4
1-0

[Event "36th Olympiad w"]
[Site "Turin ITA"]
[Date "2006.05.21"]
[Round "1"]
[White "Thorsteinsdottir,G"]
[Black "Dzagnidze,N"]
[Result "0-1"]
[WhiteElo "2138"]
[BlackElo "2454"]
[EventDate "2006.05.21"]

1. e4 c5 2. c3 d6 3. d4 Nf6 4. dxc5 Nc6 5. Bb5 Nxe4 6. Bxc6+ bxc6 7. cxd6
Nxd6 8. Ne2 e5 9. O-O Be7 10. Na3 O-O 11. Be3 Be6 12. Bc5 Qc7 13. Ng3 Nf5
14. Bxe7 Nxe7 15. Re1 Rab8 16. Qe2 Ng6 17. b3 f5 18. Nc4 f4 19. Ne4 f3 20.
gxf3 Rf4 21. Kh1 Rbf8 22. Ncd2 Bd5 23. Rf1 c5 24. c4 Bc6 25. Qe3 Nh4 26.
Kg1 Nxf3+ 27. Nxf3 Bxe4 0-1

[Event "36th Olympiad w"]
[Site "Turin ITA"]
[Date "2006.05.21"]
[Round "1"]
[White "Javakhishvili,L"]
[Black "Gretarsdottir,L"]
[Result "1-0"]
[WhiteElo "2410"]
[BlackElo "2013"]
[EventDate "2006.05.21"]

1. Nf3 d5 2. g3 Nf6 3. Bg2 Bf5 4. O-O e6 5. d3 Be7 6. Qe1 O-O 7. Ne5 Nbd7
8. e4 Bg6 9. Nxg6 hxg6 10. Nd2 c6 11. e5 Ng4 12. Qe2 Nh6 13. g4 Qc7 14. Re1
c5 15. h3 Rfe8 16. Nf1 Rac8 17. c3 b5 18. Bf4 a5 19. c4 bxc4 20. dxc4 d4
21. Nd2 Rb8 22. Nb3 a4 23. Nc1 Nb6 24. Qc2 Bf8 25. Nd3 Qa7 26. Bf3 Qd7 27.
Kg2 Kh7 28. h4 Be7 29. h5 Kg8 30. hxg6 fxg6 31. Bxh6 gxh6 32. Rh1 Bf8 33.
Be4 g5 34. f4 Qg7 35. Raf1 Nd7 36. f5 exf5 37. Bd5+ Kh8 38. Rxf5 Nxe5 39.
Nxe5 Rxe5 40. Rf7 Qg8 41. Rd7 Rxd5 42. cxd5 a3 43. b3 Re8 44. Rf1 Re7 45.
Rd8 Rf7 46. Rf5 Rxf5 47. Qxf5 Kg7 48. d6 d3 49. Rd7+ Kh8 50. Qe5+ Bg7 51.
Rxg7 1-0

[Event "36th Olympiad w"]
[Site "Turin ITA"]
[Date "2006.05.21"]
[Round "1"]
[White "Krush,I"]
[Black "Hamid,R"]
[Result "1-0"]
[WhiteElo "2437"]
[BlackElo "2169"]
[EventDate "2006.05.21"]

1. d4 Nf6 2. c4 e6 3. Nc3 Bb4 4. Qc2 c5 5. dxc5 Na6 6. a3 Bxc3+ 7. Qxc3
Nxc5 8. f3 b6 9. b4 Nb7 10. e4 d6 11. Bd3 O-O 12. Ne2 Qc7 13. O-O a5 14.
Be3 Bd7 15. Rfc1 Rfb8 16. Qe1 Be8 17. Nc3 Nd8 18. Qf2 Nc6 19. Nb5 Qd8 20.
Qb2 Ne5 21. Be2 Rc8 22. Qd4 Bxb5 23. cxb5 axb4 24. axb4 Rxc1+ 25. Rxc1 Rb8
26. h3 Ng6 27. Rc6 d5 28. Rxb6 Rxb6 29. Qxb6 Qxb6 30. Bxb6 Nf4 31. Bf1 dxe4
32. fxe4 Nxe4 33. Bc7 Nd5 34. b6 1-0